[Event "Chigorin Memorial Open"]
[Site "St Petersburg RUS"]
[Date "2011.10.21"]
[Round "8.55"]
[White "Palchun, Grigory"]
[Black "Yuffa, Daniil"]
[Result "0-1"]
[BlackTitle "FM"]
[WhiteElo "2194"]
[BlackElo "2378"]
[WhiteFideId "24147338"]
[BlackFideId "24131423"]
[EventDate "2011.10.14"]

1. e4 c5 2. Nf3 Nc6 3. d4 cxd4 4. Nxd4 Nf6 5. Nc3 d6 6. Bc4 e6 7. Be3 a6 8. Bb3
Na5 9. f4 b5 10. e5 dxe5 11. fxe5 Nd7 12. O-O Nxb3 13. axb3 Bb7 14. Qh5 g6 15.
Qh3 Qe7 16. Nf3 Bg7 17. Ng5 Nxe5 18. Nge4 O-O-O 19. Bg5 Qc7 20. Bxd8 Rxd8 21. b4
Bf8 22. Ng5 f5 23. Rad1 Bxb4 24. Qxh7 Qxh7 25. Rxd8+ Kxd8 26. Nxh7 Bxc3 27. bxc3
Ke7 28. Ng5 Nc4 29. Re1 Bd5 30. Nf3 Kd6 31. Kf2 Kc5 32. Nh4 g5 33. Nf3 g4 34.
Nd4 Kd6 35. h4 gxh3 36. gxh3 f4 37. h4 e5 38. Ne2 Ne3 39. h5 Ng4+ 40. Kf1 f3 41.
Nc1 e4 42. Nd3 exd3 43. cxd3 a5 44. Re8 a4 45. Rd8+ Kc5 46. Rd7 Bb3 47. Ra7 Bc2 0-1

[Event "Chigorin Memorial Open"]
[Site "St Petersburg RUS"]
[Date "2011.10.21"]
[Round "8.56"]
[White "Pershin, Denis"]
[Black "Savchenko, Boris"]
[Result "0-1"]
[BlackTitle "GM"]
[WhiteElo "1984"]
[BlackElo "2630"]
[WhiteFideId "24165506"]
[BlackFideId "4147332"]
[EventDate "2011.10.14"]

1. e4 c5 2. Nf3 Nc6 3. d4 cxd4 4. Nxd4 g6 5. Nxc6 bxc6 6. Qd4 f6 7. Bc4 e6 8.
O-O d5 9. exd5 cxd5 10. Bb5+ Kf7 11. Bc6 Ba6 12. Bxa8 Qxa8 13. Be3 Bxf1 14. Kxf1
a5 15. Qa7+ Qxa7 16. Bxa7 Ne7 17. Bc5 Bg7 18. Bxe7 Kxe7 19. Nd2 f5 20. c3 a4 21.
Rc1 Rc8 22. Nb1 e5 23. Rd1 Ke6 24. Na3 Rb8 25. c4 d4 26. Nb5 Rd8 27. c5 Rc8 28.
Rc1 Kd5 29. b4 axb3 30. axb3 Bh6 31. Rc4 Rxc5 32. Nc7+ Kc6 0-1

[Event "Chigorin Memorial Open"]
[Site "St Petersburg RUS"]
[Date "2011.10.21"]
[Round "8.57"]
[White "Donskov, Anatoly"]
[Black "Yakovich, Yuri"]
[Result "0-1"]
[BlackTitle "GM"]
[WhiteElo "2286"]
[BlackElo "2549"]
[WhiteFideId "24143413"]
[BlackFideId "4100654"]
[EventDate "2011.10.14"]

1. e4 c5 2. Nf3 Nc6 3. d4 cxd4 4. Nxd4 Nf6 5. Nc3 d6 6. Bc4 e6 7. Be3 Be7 8. Bb3
a6 9. f4 O-O 10. O-O Nxd4 11. Bxd4 b5 12. a3 Bb7 13. e5 dxe5 14. fxe5 Nd7 15.
Ba2 Qc7 16. Qe2 Bc5 17. Rad1 Nxe5 18. Kh1 Bxd4 19. Rxd4 Rad8 20. Rfd1 Ng6 21.
Qd2 Rxd4 22. Qxd4 Nf4 23. Rd2 e5 24. Qe3 Rd8 25. Rxd8+ Qxd8 26. Qa7 Qa8 27.
Qxa8+ Bxa8 28. b4 Bxg2+ 29. Kg1 Bc6 0-1

[Event "Chigorin Memorial Open"]
[Site "St Petersburg RUS"]
[Date "2011.10.21"]
[Round "8.58"]
[White "Hamitevici, Vladimir"]
[Black "Tsydypov, Zhamsaran"]
[Result "1-0"]
[WhiteTitle "IM"]
[WhiteElo "2438"]
[BlackElo "2288"]
[WhiteFideId "13902393"]
[BlackFideId "4108566"]
[EventDate "2011.10.14"]

1. e4 c5 2. Nf3 Nc6 3. Bb5 Qc7 4. O-O e6 5. c3 Nf6 6. Re1 a6 7. Ba4 b5 8. Bc2
Bb7 9. d3 Be7 10. a4 O-O 11. Na3 b4 12. Nc4 d5 13. Ncd2 Rfd8 14. e5 Nd7 15. Qe2
Nf8 16. Nf1 bxc3 17. bxc3 d4 18. c4 Nb4 19. Bb1 Ng6 20. Ng5 h6 21. Nh3 Nh4 22.
f3 Nf5 23. Bf4 Nc6 24. Nf2 Ne3 25. Nxe3 dxe3 26. Qxe3 Nd4 27. Ne4 Nf5 28. Qf2
Rab8 29. d4 Rxd4 30. Qc2 Qd7 31. Ra3 Bc6 32. Qc1 Bxa4 33. Nf6+ Bxf6 34. exf6 Rb4
35. Bxf5 Rdxc4 36. Qd2 Rxf4 37. Qxd7 Bxd7 38. Be4 Bb5 39. Rc3 c4 40. fxg7 Kxg7
41. g3 Rf6 42. Bc2 h5 43. h4 Rh6 44. Re5 Rh8 45. Kf2 Kf6 46. f4 a5 47. Ke3 Rd8
48. Rxh5 a4 49. Rg5 Rb2 50. h5 Ra8 51. h6 a3 52. h7 a2 53. Rg8 a1=Q 54. h8=Q+
Ke7 55. Rxa8 Qe1+ 56. Kd4 Qd2+ 57. Rd3 Qf2+ 58. Re3 Qd2+ 59. Bd3 1-0

[Event "Chigorin Memorial Open"]
[Site "St Petersburg RUS"]
[Date "2011.10.21"]
[Round "8.59"]
[White "Serov, Maksim"]
[Black "Korchmar, Vasiliy"]
[Result "1/2-1/2"]
[WhiteElo "2388"]
[BlackElo "2253"]
[WhiteFideId "4181905"]
[BlackFideId "24131750"]
[EventDate "2011.10.14"]

1. d4 Nf6 2. c4 g6 3. Nc3 Bg7 4. e4 d6 5. f4 O-O 6. Nf3 c5 7. dxc5 Qa5 8. Bd3
Qxc5 9. Qe2 Nc6 10. Be3 Qa5 11. Rc1 Bg4 12. O-O Nd7 13. Qf2 Bxf3 14. gxf3 Nc5
15. Bb1 Na4 16. Nd1 b6 17. Kh1 Qh5 18. b3 Nc5 19. Nc3 f5 20. exf5 gxf5 21. Rg1
Kh8 22. Rg5 Qh3 23. Qg3 Qxg3 24. hxg3 e6 25. Kg2 Nb4 26. Nb5 Rad8 27. Rd1 d5 28.
a3 Nc6 29. cxd5 Nxb3 30. Rd3 Rxd5 31. Rxb3 Na5 32. Rb4 Nc6 33. Rb3 Na5 34. Rb4
Nc6 35. Rb3 Na5 36. Rb4 Nc6 1/2-1/2

[Event "Chigorin Memorial Open"]
[Site "St Petersburg RUS"]
[Date "2011.10.21"]
[Round "8.60"]
[White "Kashlinskaya, Alina"]
[Black "Pashinsky, Mikhail"]
[Result "0-1"]
[WhiteTitle "WGM"]
[WhiteElo "2385"]
[BlackElo "2228"]
[WhiteFideId "4198026"]
[BlackFideId "4152450"]
[EventDate "2011.10.14"]

1. d4 d6 2. Nf3 Bg4 3. e4 Nf6 4. Nc3 Nc6 5. Be3 e5 6. d5 Ne7 7. h3 Bd7 8. Be2
Ng6 9. Qd2 c6 10. O-O Be7 11. a4 O-O 12. a5 c5 13. Rfb1 b5 14. axb6 axb6 15. Qe1
b5 16. Bxb5 Bxb5 17. Nxb5 Nxe4 18. b4 Qb6 19. Na7 Qc7 20. Nc6 cxb4 21. Qxb4 f5
22. Ra4 Rxa4 23. Qxa4 Nc3 24. Qb3 Nxb1 25. Qxb1 Bf6 26. c4 Ne7 27. Qb5 Nxc6 28.
dxc6 Rc8 0-1

[Event "Chigorin Memorial Open"]
[Site "St Petersburg RUS"]
[Date "2011.10.21"]
[Round "8.61"]
[White "Bukhteeva, Viktoria"]
[Black "Monin, Nikolay"]
[Result "1-0"]
[WhiteTitle "WFM"]
[BlackTitle "IM"]
[WhiteElo "2178"]
[BlackElo "2365"]
[WhiteFideId "4192907"]
[BlackFideId "4104013"]
[EventDate "2011.10.14"]

1. e4 e6 2. d4 d5 3. Nc3 Nf6 4. e5 Nfd7 5. f4 c5 6. Nf3 Nc6 7. Be3 Qb6 8. Na4
Qa5+ 9. c3 cxd4 10. b4 Qc7 11. Nxd4 Nxd4 12. Bxd4 Nb8 13. Be2 Nc6 14. O-O Nxd4
15. Qxd4 Be7 16. Rac1 O-O 17. c4 dxc4 18. Rxc4 Qd8 19. Qe4 Bd7 20. Rd1 Qe8 21.
Nc3 Bc6 22. Qb1 b5 23. Rcd4 a5 24. a3 axb4 25. axb4 Ra3 26. Ne4 Qa8 27. Bf3 h6
28. Kh1 Rc8 29. h3 Bf8 30. Kh2 Bd5 31. Nd2 Qa7 32. Rxd5 exd5 33. Bxd5 Qd4 34.
Bxf7+ Kh8 35. Qf5 Rd8 36. Bh5 Qxb4 37. Ne4 Rxd1 38. Bxd1 Qe7 39. Nd6 Ra7 40. Bb3
g5 41. Nf7+ 1-0

[Event "Chigorin Memorial Open"]
[Site "St Petersburg RUS"]
[Date "2011.10.21"]
[Round "8.62"]
[White "Derbenev, Andrey"]
[Black "Zakharchenko, Arnold"]
[Result "1/2-1/2"]
[BlackTitle "IM"]
[WhiteElo "2353"]
[BlackElo "2225"]
[WhiteFideId "4154169"]
[BlackFideId "14103745"]
[EventDate "2011.10.14"]

1. d4 Nf6 2. Bg5 c6 3. Nd2 Qb6 4. Nc4 Qb4+ 5. Nd2 Qxd4 6. Ngf3 Qb6 7. e4 d5 8.
exd5 cxd5 9. c4 Be6 10. Be3 Qd6 11. Nd4 Nc6 12. c5 Qc7 13. Nxe6 fxe6 14. Qa4 g6
15. b4 Bg7 16. b5 Qa5 17. Qxa5 Nxa5 18. Bd4 O-O 19. Rc1 Ng4 20. Bxg7 Kxg7 21.
Be2 Ne5 22. O-O Rf4 23. g3 Ra4 24. Rc2 d4 25. Bd1 d3 26. Rb2 Rd4 27. Re1 Rd5 28.
Nb3 Nac4 29. Rb1 Na3 30. Rc1 Nxb5 31. f4 Nc6 32. Rxe6 Rad8 33. Kf2 Kf7 34. Re3
Kf6 35. Bf3 R5d7 36. Nd2 h6 37. Bg4 Rd4 38. Rce1 Ra4 39. Be6 Nbd4 40. Bc4 Rxc4
41. Nxc4 Nc2 42. Rb1 Nxe3 43. Kxe3 Rd7 44. Rb3 e5 45. Nd6 exf4+ 46. gxf4 Nd8 47.
Rxd3 Ne6 48. Ne4+ Ke7 49. Ra3 b6 50. cxb6 axb6 51. Ra6 Rb7 52. Ra8 Nd8 53. Nc3
Ne6 54. Rh8 Ng7 55. Ke4 h5 56. Ke5 Kf7 57. Nd5 Nf5 58. Ra8 Ne7 59. Nb4 Rc7 60.
a3 Rc5+ 61. Kd6 Nf5+ 62. Kd7 Rc4 63. Rb8 Rxf4 64. Rxb6 Rf3 65. a4 Ra3 66. Ra6 g5
67. Nc6 g4 68. Ne5+ Kg7 69. a5 Re3 70. Rg6+ Kh7 71. Re6 Re2 72. a6 Rxh2 73. Rf6
Nd4 74. Rf4 Rd2 75. Ke7 g3 76. a7 Ra2 77. Rxd4 Rxa7+ 78. Kf6 g2 79. Rd1 Rg7 80.
Nf3 h4 81. Rd4 g1=Q 1/2-1/2

[Event "Chigorin Memorial Open"]
[Site "St Petersburg RUS"]
[Date "2011.10.21"]
[Round "8.63"]
[White "Pyatin, Alexander"]
[Black "Egorov, Dmitry"]
[Result "0-1"]
[BlackTitle "FM"]
[WhiteElo "2124"]
[BlackElo "2353"]
[WhiteFideId "24125920"]
[BlackFideId "4128303"]
[EventDate "2011.10.14"]

1. e4 c6 2. d4 d5 3. e5 c5 4. dxc5 e6 5. Nf3 Bxc5 6. a3 Ne7 7. b4 Bb6 8. Bd3 Ng6
9. g3 a5 10. Bxg6 fxg6 11. b5 O-O 12. O-O a4 13. Nbd2 Bc5 14. Qe2 b6 15. c3 Ra7
16. Nd4 g5 17. Qg4 h6 18. N2f3 Qe8 19. h4 Nd7 20. Kg2 Bxd4 21. cxd4 Nf6 22. exf6
e5 23. f7+ Raxf7 24. Qh5 g4 25. dxe5 gxf3+ 26. Kh2 Qe6 27. g4 g6 28. Qxh6 Qxg4
29. Qg5 Qh3+ 30. Kg1 Bg4 0-1

[Event "Chigorin Memorial Open"]
[Site "St Petersburg RUS"]
[Date "2011.10.21"]
[Round "8.64"]
[White "Shchukin, Dmitry"]
[Black "Sukhareva, Evgeniya"]
[Result "1-0"]
[WhiteTitle "IM"]
[WhiteElo "2344"]
[BlackElo "2213"]
[WhiteFideId "4121724"]
[BlackFideId "4167155"]
[EventDate "2011.10.14"]

1. e4 c5 2. Nf3 e6 3. d4 cxd4 4. Nxd4 a6 5. Nc3 b5 6. Bd3 Qb6 7. Nb3 Qc7 8. Qe2
d6 9. O-O Nd7 10. a4 b4 11. Na2 Ngf6 12. Bf4 Qb8 13. Na5 Qc7 14. Nc4 Qc5 15. c3
bxc3 16. b4 Qc7 17. Rfc1 e5 18. Bg3 Nb6 19. Nxc3 Nxc4 20. Bxc4 Qd8 21. Bh4 Be7
22. Bxf6 Bxf6 23. Bd5 Rb8 24. Bc6+ Kf8 25. Nd5 Bg5 26. Rcb1 g6 27. a5 Kg7 28. b5
axb5 29. a6 Bd7 30. Bxd7 Qxd7 31. a7 Ra8 32. Nb6 Qc6 33. Qxb5 Qxe4 34. Nxa8 1-0

[Event "Chigorin Memorial Open"]
[Site "St Petersburg RUS"]
[Date "2011.10.21"]
[Round "8.65"]
[White "Kalinin, Nikita"]
[Black "Frolochkin, Vladimir"]
[Result "1-0"]
[WhiteElo "2102"]
[BlackElo "2331"]
[WhiteFideId "24155390"]
[BlackFideId "4181050"]
[EventDate "2011.10.14"]

1. Nf3 d5 2. d4 Nf6 3. c4 e6 4. Nc3 Bb4 5. Bg5 Nbd7 6. e3 h6 7. Bh4 c5 8. Bd3
cxd4 9. exd4 Qa5 10. Qc2 dxc4 11. Bxc4 O-O 12. O-O Bxc3 13. Qxc3 Qh5 14. Bg3 Ne4
15. Qd3 Nxg3 16. fxg3 b6 17. Bb5 Rd8 18. Bc6 Rb8 19. Rac1 Bb7 20. Bxb7 Rxb7 21.
Qe4 Rbb8 22. Rc7 Nf6 23. Qc6 Qd5 24. Qxd5 Nxd5 25. Rxa7 Rbc8 26. Ra3 Rc2 27. Rb3
Rdc8 28. h3 f5 29. Re1 f4 30. Kh2 g5 31. gxf4 Nxf4 32. Rg1 R8c6 33. d5 Rd6 34.
Nd4 Rd2 35. Nxe6 Nxd5 36. Re1 Kf7 37. Rf3+ Nf6 38. Nc7 Kg6 39. Re7 g4 40. hxg4
Nxg4+ 41. Kg3 h5 42. Ne6 Kh6 43. Rff7 R2d3+ 44. Kf4 R3d4+ 45. Nxd4 Rxd4+ 46. Re4
Rd6 47. Rfe7 Rf6+ 48. Kg3 Kg5 49. Rg7+ Kh6 50. Rgxg4 hxg4 51. Rxg4 Kh5 52. Rb4
Kg5 53. Rb5+ Kg6 54. Kg4 Kh6 55. Kh4 Kg6 56. g3 Rd6 57. Rb4 Re6 58. Kg4 Rf6 59.
a4 Kg7 60. Rb5 Rc6 61. b4 Kf7 62. Kh5 Kg7 63. g4 Kf7 64. Kg5 Rg6+ 65. Kf5 Rf6+
66. Ke4 Ke7 67. g5 Re6+ 68. Kd4 Kd7 69. Rf5 Re1 70. Kc4 Re4+ 71. Kb5 Rg4 72. Rf6
Rxg5+ 73. Kxb6 Rg4 74. Ka5 Kc7 75. b5 Kb7 76. Rf7+ Kc8 77. Kb6 Rxa4 78. Rf8+ Kd7
79. Kb7 Kd6 80. b6 Rh4 81. Ka7 Ra4+ 82. Kb8 Ra1 83. b7 Kd7 84. Rf6 Ra2 85. Rf4
Rb2 86. Rf3 Rb1 87. Rd3+ Ke7 88. Rd4 Rc1 89. Ka7 Ra1+ 90. Kb6 Rb1+ 91. Kc6 Ke6
92. Re4+ Kf6 93. Re8 Rc1+ 94. Kd5 Rd1+ 95. Kc4 1-0

[Event "Chigorin Memorial Open"]
[Site "St Petersburg RUS"]
[Date "2011.10.21"]
[Round "8.66"]
[White "Tappyrov, Vladimir"]
[Black "Naboka, Sergey"]
[Result "1-0"]
[WhiteTitle "FM"]
[WhiteElo "2330"]
[BlackElo "2210"]
[WhiteFideId "4157184"]
[BlackFideId "14123452"]
[EventDate "2011.10.14"]

1. d4 f5 2. g3 Nf6 3. Bg2 g6 4. Nf3 Bg7 5. c4 O-O 6. Nc3 d6 7. O-O Qe8 8. d5 a5
9. Nd4 Na6 10. b3 Bd7 11. Bb2 g5 12. e3 Qg6 13. Qc2 c6 14. f4 Rac8 15. Rae1 Nc5
16. fxg5 Nfe4 17. Nce2 cxd5 18. Nf4 Qxg5 19. Nf3 Qh6 20. Nxd5 Rce8 21. Bxg7 Qxg7
22. a3 Bc6 23. b4 Bxd5 24. cxd5 axb4 25. axb4 Na6 26. Nd4 Rc8 27. Qd3 Qe5 28.
Nxf5 Nc3 29. Nh6+ Kg7 30. Nf7 Qh5 31. Qd4+ Kg6 32. Bf3 Qf5 33. Bg4 Qe4 34. Bf5+
Qxf5 35. Rxf5 Kxf5 36. Rf1+ 1-0

[Event "Chigorin Memorial Open"]
[Site "St Petersburg RUS"]
[Date "2011.10.21"]
[Round "8.67"]
[White "Emdin, Mark"]
[Black "Leontiev, Aleksandr V."]
[Result "0-1"]
[BlackTitle "IM"]
[WhiteElo "2088"]
[BlackElo "2329"]
[WhiteFideId "4100050"]
[BlackFideId "4122968"]
[EventDate "2011.10.14"]

1. e4 Nf6 2. e5 Nd5 3. d4 d6 4. c4 Nb6 5. exd6 cxd6 6. Nc3 g6 7. Be3 Bg7 8. Rc1
O-O 9. b3 Nc6 10. Be2 d5 11. c5 e5 12. Nf3 e4 13. Nd2 Nd7 14. Nxd5 Nde5 15. Nf4
Nd3+ 16. Nxd3 exd3 17. Bxd3 Bxd4 18. Bxd4 Qxd4 19. Nc4 Re8+ 20. Be2 Bg4 21. f3
Bf5 22. Nd6 Bd3 23. Ne4 Bxe4 24. fxe4 Qxe4 25. Kf1 Rad8 26. Qe1 Qf4+ 27. Kg1
Rxe2 0-1

[Event "Chigorin Memorial Open"]
[Site "St Petersburg RUS"]
[Date "2011.10.21"]
[Round "8.68"]
[White "Barhudarian, Rafael"]
[Black "Skvortsov, Alexander"]
[Result "1-0"]
[WhiteTitle "FM"]
[WhiteElo "2325"]
[BlackElo "2179"]
[WhiteFideId "4182685"]
[BlackFideId "24170038"]
[EventDate "2011.10.14"]

1. d4 d5 2. Nc3 Nf6 3. Bg5 Nbd7 4. e3 c6 5. Nf3 h6 6. Bf4 e6 7. a3 b5 8. Bd3 b4
9. Nb1 Qb6 10. O-O bxa3 11. bxa3 Ba6 12. Nc3 Be7 13. Qd2 Bxd3 14. Qxd3 Nh5 15.
Rfb1 Nxf4 16. exf4 Qc7 17. f5 exf5 18. Qa6 O-O 19. Rb7 Qc8 20. Rab1 Bf6 21. a4
Re8 22. h3 f4 23. a5 Nc5 24. dxc5 Bxc3 25. R1b3 Re7 26. Kh2 g6 27. Rb1 Kh7 28.
R1b3 Kg7 29. h4 Bxa5 30. Nd4 Bb6 31. Qa1 Re5 32. Nxc6 Qxb7 33. Nxe5 f6 34. cxb6
axb6 35. Qb2 fxe5 36. Rxb6 Qc8 37. Qxe5+ Kh7 38. Qe7+ Kh8 39. Qf6+ Kg8 40. Qxg6+ 1-0

[Event "Chigorin Memorial Open"]
[Site "St Petersburg RUS"]
[Date "2011.10.21"]
[Round "8.69"]
[White "Tkachev, Ivan"]
[Black "Demianjuk, Alexander"]
[Result "1/2-1/2"]
[WhiteElo "2074"]
[BlackElo "2319"]
[WhiteFideId "4186885"]
[BlackFideId "4134249"]
[EventDate "2011.10.14"]

1. Nf3 Nf6 2. d4 e6 3. Bg5 h6 4. Bh4 c5 5. e3 b6 6. Nbd2 Bb7 7. Bd3 Be7 8. e4
cxd4 9. Nxd4 d6 10. O-O O-O 11. c3 Nbd7 12. Re1 g6 13. b4 Rc8 14. Rc1 a6 15. Qe2
Ra8 16. Nc4 e5 17. Nb3 Re8 18. Rcd1 Qc7 19. Qd2 Bf8 20. f3 a5 21. Ne3 Rec8 22.
Rc1 Bc6 23. a3 h5 24. c4 Bh6 25. Rcd1 axb4 26. axb4 Ra3 27. Qb2 Rca8 28. Nc2 Ra2
29. Qc3 Ba4 30. Ra1 Bc6 31. Rxa2 Rxa2 32. Ra1 Qa7 33. Bf2 Rxa1+ 34. Qxa1 Qxa1+
35. Ncxa1 Bf8 36. Nc2 Ba4 37. Nc1 d5 38. cxd5 Bxc2 39. Bxc2 Bxb4 40. Nd3 Bd6 41.
Ba4 Nc5 42. Bxc5 bxc5 43. Nb2 Kf8 44. Nc4 Ke7 45. f4 exf4 46. e5 Bxe5 47. Nxe5
Nxd5 48. Bb3 Ne3 49. Kf2 g5 50. Kf3 f6 51. Nc4 Nf5 52. Bd1 Ke6 53. Ke4 Nh4 54.
g3 fxg3 55. hxg3 Nf5 56. g4 Ng3+ 57. Kf3 h4 58. Bc2 f5 59. gxf5+ Nxf5 60. Bxf5+
Kxf5 61. Nd6+ Ke5 62. Nf7+ Kd4 63. Nxg5 c4 64. Ne4 Kd3 65. Nc5+ Kd4 66. Ne4 h3
67. Nd6 c3 68. Nb5+ 1/2-1/2

[Event "Chigorin Memorial Open"]
[Site "St Petersburg RUS"]
[Date "2011.10.21"]
[Round "8.70"]
[White "Yakovlev, Yuri S."]
[Black "Solovyov, Viktor"]
[Result "0-1"]
[WhiteElo "2029"]
[BlackElo "2312"]
[WhiteFideId "4173929"]
[BlackFideId "4102754"]
[EventDate "2011.10.14"]

1. e4 e6 2. d4 c5 3. Nf3 cxd4 4. Nxd4 a6 5. c4 Nf6 6. Bd3 Nc6 7. Nxc6 dxc6 8.
O-O e5 9. Nc3 Be6 10. Qe2 Bc5 11. Be3 Qe7 12. Na4 Bxe3 13. Qxe3 Rd8 14. Rfd1 O-O
15. Be2 Qb4 16. b3 Nd7 17. a3 Qa5 18. Qc3 Qxc3 19. Nxc3 Nc5 20. b4 Nb3 21. Rxd8
Rxd8 22. Rd1 Rxd1+ 23. Nxd1 Nd2 24. c5 Nxe4 25. f3 Nd2 26. Nc3 f5 27. Kf2 Nb3
28. Ke3 Kf7 29. f4 Kf6 30. g4 exf4+ 31. Kxf4 g5+ 32. Ke3 Ke5 33. gxf5 Bxf5 34.
Bd3 Nd4 35. Bxf5 Nxf5+ 36. Kd3 g4 37. a4 h5 38. Ne4 h4 39. Nd2 Kf4 40. Ne4 g3
41. hxg3+ hxg3 0-1

[Event "Chigorin Memorial Open"]
[Site "St Petersburg RUS"]
[Date "2011.10.21"]
[Round "8.71"]
[White "Vladimirov, Ivan"]
[Black "Kuzmin, Egor"]
[Result "1-0"]
[WhiteTitle "FM"]
[WhiteElo "2310"]
[BlackElo "2117"]
[WhiteFideId "24105821"]
[BlackFideId "24101737"]
[EventDate "2011.10.14"]

1. e4 c5 2. Nc3 Nc6 3. g3 e6 4. Bg2 Nf6 5. f4 d5 6. d3 Be7 7. Nh3 a6 8. O-O O-O
9. Nf2 b5 10. g4 b4 11. Ne2 Bb7 12. g5 Ne8 13. Ng3 c4 14. dxc4 dxc4 15. Qh5 Qb6
16. Kh1 Bc5 17. Ng4 Nd4 18. Be3 Nxc2 19. g6 hxg6 20. Qxc5 Qxc5 21. Bxc5 Nxa1 22.
Rxa1 Nf6 23. Bxf8 Kxf8 24. Ne3 Rc8 25. Rc1 c3 26. bxc3 bxc3 27. e5 Nd5 28. Ne2
Nxe3 29. Bxb7 Rb8 30. Rxc3 Rxb7 31. Rxe3 Rb2 32. a3 Rc2 33. Kg2 Rc4 34. Rc3 Ra4
35. Kf3 f5 36. h4 1-0

[Event "Chigorin Memorial Open"]
[Site "St Petersburg RUS"]
[Date "2011.10.21"]
[Round "8.73"]
[White "Ivkina, Olga"]
[Black "Karaseva, Janna"]
[Result "1-0"]
[WhiteTitle "WIM"]
[WhiteElo "2296"]
[BlackElo "2030"]
[WhiteFideId "4156820"]
[BlackFideId "4132548"]
[EventDate "2011.10.14"]

1. e4 d6 2. d4 Nf6 3. Nc3 g6 4. Nf3 Bg7 5. Be2 c6 6. O-O O-O 7. h3 Qc7 8. a4 e5
9. Be3 Re8 10. d5 c5 11. a5 Bd7 12. Nd2 a6 13. Nc4 Rd8 14. b4 cxb4 15. Bb6 Qc8
16. Nxd6 Qxc3 17. Bxd8 Ne8 18. Be7 f5 19. Rb1 Nf6 20. Rb3 Qc7 21. Rxb4 Qxa5 22.
Rxb7 fxe4 23. c4 Ba4 24. Qa1 Nbd7 25. Bxf6 Nxf6 26. Qxe5 h6 27. Rxg7+ 1-0

[Event "Chigorin Memorial Open"]
[Site "St Petersburg RUS"]
[Date "2011.10.21"]
[Round "8.75"]
[White "Ziatdinov, Raset"]
[Black "Pogosian, Vladimir"]
[Result "1-0"]
[WhiteTitle "GM"]
[WhiteElo "2415"]
[BlackElo "2166"]
[WhiteFideId "2015323"]
[BlackFideId "13301586"]
[EventDate "2011.10.14"]

1. e4 e5 2. Nf3 Nc6 3. Bb5 a6 4. Ba4 d6 5. O-O Bg4 6. h3 h5 7. Bxc6+ bxc6 8. d4
Bxf3 9. Qxf3 exd4 10. c3 dxc3 11. Nxc3 Qf6 12. Qd3 Ne7 13. Be3 Qe6 14. Rae1 f6
15. f4 Rb8 16. e5 Rxb2 17. exf6 gxf6 18. Bc1 Rxg2+ 19. Kxg2 Rg8+ 20. Kh2 Qf7 21.
Bb2 Bh6 22. Ne4 Kf8 23. Nxf6 Rg6 24. Rxe7 1-0

[Event "Chigorin Memorial Open"]
[Site "St Petersburg RUS"]
[Date "2011.10.21"]
[Round "8.76"]
[White "Ezov, Roman"]
[Black "Mikhalchenko, Petr"]
[Result "0-1"]
[WhiteElo "2170"]
[BlackElo "2395"]
[WhiteFideId "4502078"]
[BlackFideId "4177657"]
[EventDate "2011.10.14"]

1. e4 e5 2. Nf3 Nc6 3. Bb5 a6 4. Ba4 d6 5. O-O Bd7 6. d4 Nge7 7. d5 Nb8 8. c4
Ng6 9. Nc3 h6 10. Be3 Be7 11. b4 Bg5 12. Qd2 Bf4 13. g3 Bxe3 14. Qxe3 O-O 15. c5
Bh3 16. Rfc1 b5 17. cxb6 cxb6 18. Bc6 Ra7 19. Na4 Nd7 20. Bxd7 Qxd7 21. Nxb6 Qg4
22. Ne1 f5 23. exf5 Rxf5 24. Rc4 Rf4 25. Rac1 e4 26. f3 Raf7 27. Ng2 Rxf3 28.
Qxe4 Qxe4 29. Rxe4 Rf2 30. Nf4 Nxf4 31. Rxf4 Rg2+ 32. Kh1 Re7 33. Rh4 Rc2 34.
Rd1 Bg2+ 35. Kg1 Bf3 36. Ra1 Ree2 37. Rf4 Rg2+ 0-1

[Event "Chigorin Memorial Open"]
[Site "St Petersburg RUS"]
[Date "2011.10.21"]
[Round "8.78"]
[White "Menkov, Aleksandr"]
[Black "Kuznetsov, Nikolay P."]
[Result "1-0"]
[BlackTitle "FM"]
[WhiteElo "2152"]
[BlackElo "2293"]
[WhiteFideId "24160326"]
[BlackFideId "4175379"]
[EventDate "2011.10.14"]

1. e4 c5 2. Nf3 d6 3. d4 cxd4 4. Nxd4 Nf6 5. Nc3 a6 6. Bg5 e6 7. f4 Be7 8. Qf3
Qc7 9. O-O-O Nbd7 10. g4 h6 11. Bxf6 Bxf6 12. h4 Qb6 13. Nb3 Be7 14. g5 Nf8 15.
Bh3 Bd7 16. Rhg1 hxg5 17. hxg5 Ng6 18. Kb1 Nxf4 19. Qxf4 Rxh3 20. Rgf1 f6 21.
gxf6 gxf6 22. Qg4 Rh8 23. Nd4 Kf7 24. Nd5 Qd8 25. Rg1 Qg8 26. Qf3 Qh7 27. Nb6
Rad8 28. Nxd7 Rxd7 29. Nxe6 Kxe6 30. Qb3+ d5 31. Rxd5 Bd6 32. Rh5+ Ke7 33. Rxh7+
Rxh7 34. Qg8 Rf7 35. Rg7 Rxg7 36. Qxg7+ Ke6 37. Qg4+ Ke7 38. c3 Be5 39. Qg8 Kd6
40. Qc4 Rc7 41. Qd5+ Ke7 42. c4 Rd7 43. Qc5+ Kd8 44. b4 Rd4 45. a4 Kd7 46. Kc2
b6 47. Qxb6 Rxc4+ 48. Kd3 Rc3+ 49. Ke2 Rc6 50. Qb7+ Bc7 51. a5 Re6 52. b5 axb5
53. a6 1-0

[Event "Chigorin Memorial Open"]
[Site "St Petersburg RUS"]
[Date "2011.10.21"]
[Round "8.79"]
[White "Kulagin, Sergey"]
[Black "Vunder, Andrey"]
[Result "1/2-1/2"]
[WhiteElo "2128"]
[BlackElo "2282"]
[WhiteFideId "4193253"]
[BlackFideId "4128338"]
[EventDate "2011.10.14"]

1. e4 c6 2. d4 d5 3. Nd2 dxe4 4. Nxe4 Bf5 5. Ng3 Bg6 6. h4 h6 7. N1e2 Nf6 8. Nf4
Bh7 9. Bc4 e6 10. c3 Bd6 11. Nfh5 Rg8 12. Qf3 Nbd7 13. Bf4 Bxf4 14. Nxf4 Qc7 15.
Bd3 Bxd3 16. Nxd3 O-O-O 17. O-O-O c5 18. Nxc5 Nxc5 19. dxc5 Qxc5 20. Qf4 Rgf8
21. Rhe1 Rd5 22. Rxd5 Nxd5 23. Qf3 Qc4 24. Kb1 Qf4 25. Qxf4 Nxf4 26. Rg1 Rd8 27.
Kc2 Rd5 28. Ne4 Re5 29. Re1 Kc7 30. g3 Ng2 31. Re2 f5 32. f4 Rxe4 33. Rxg2 g6
34. Kd3 Kd6 35. h5 gxh5 36. Rh2 Re1 37. Rxh5 Rg1 38. Rh3 Rg2 39. b4 b5 40. Kd4
Rd2+ 41. Ke3 Rxa2 42. Rxh6 Rg2 43. Rg6 Kd5 44. Kd3 e5 45. fxe5 f4 46. e6 Kd6 47.
g4 Rg3+ 48. Ke4 Rxc3 49. Kxf4 Rc4+ 50. Kf5 Rxb4 51. Rg7 Rb1 52. Rd7+ Kc6 53.
Rxa7 Rf1+ 54. Kg6 Re1 55. e7 Kb6 56. Ra1 Rxe7 57. Kf6 Re2 58. g5 Rg2 59. g6 b4
60. Rf1 Kc5 61. g7 b3 62. Rf5+ Kd4 63. Rb5 Rxg7 64. Kxg7 Kc3 65. Rxb3+ Kxb3 1/2-1/2